[Event "Napoli Parthenope op 6th"]
[Site "Napoli"]
[Date "2014.05.29"]
[Round "2"]
[White "Franzese, Luigi"]
[Black "Baccelliere, Antonio"]
[Result "0-1"]
[WhiteElo "1864"]
[BlackElo "1700"]
[PlyCount "54"]
[EventDate "2014.06.01"]
[EventType "swiss"]
[EventRounds "7"]
[EventCountry "ITA"]
[SourceTitle "EXT 2018"]
[Source "ChessBase"]
[SourceDate "2017.10.13"]
[SourceVersion "1"]
[SourceVersionDate "2017.10.13"]
[SourceQuality "1"]

1. Nf3 Nf6 2. d4 d5 3. c4 e6 4. Nc3 c5 5. Bg5 cxd4 6. Qxd4 Be7 7. cxd5 exd5 8. e3 0-0 9. Bb5 Nc6 10. Qd2 Ne4 11. Nxe4 dxe4 12. Bxe7 Qxe7 13. Bxc6 bxc6 14. Nd4 c5 15. Nc6 Qc7 16. Ne5 Rd8 17. Qc3 Rd3 18. Qc4 Qa5+ 19. b4 Qxb4+ 20. Qxb4 cxb4 21. 0-0 Be6 22. Rfc1 Rd2 23. Rc7 Bxa2 24. Rac1 g6 25. Re7 Rad8 26. h3 b3 27. Rcc7 b2 0-1

[Event "Napoli Porreca Memorial 3rd"]
[Site "Napoli"]
[Date "2013.11.07"]
[Round "7"]
[White "Baltzopoulos, Giorgos"]
[Black "Franzese, Luigi"]
[Result "1-0"]
[WhiteElo "1973"]
[BlackElo "1872"]
[PlyCount "79"]
[EventDate "2013.09.26"]
[EventType "swiss"]
[EventRounds "7"]
[EventCountry "ITA"]
[SourceTitle "EXT 2015"]
[Source "ChessBase"]
[SourceDate "2014.11.20"]
[SourceVersion "1"]
[SourceVersionDate "2014.11.20"]
[SourceQuality "1"]

1. d4 d5 2. c4 e6 3. Nc3 Nf6 4. cxd5 exd5 5. Bg5 Be7 6. e3 0-0 7. Qc2 c6 8. Bd3 Nbd7 9. Nge2 h6 10. Bf4 Nh5 11. 0-0-0 Nxf4 12. Nxf4 Nf6 13. Kb1 Re8 14. h3 Bb4 15. g4 Bxc3 16. Qxc3 Ne4 17. Qc2 Qh4 18. Rdf1 Bd7 19. Rhg1 Qe7 20. f3 Nd6 21. Re1 Qf8 22. h4 Re7 23. g5 hxg5 24. Rxg5 Rae8 25. Bh7+ Kh8 26. Rh5 g6 27. Bxg6+ Kg8 28. Rg1 fxg6 29. Nxg6 Rg7 30. Rh8+ Kf7 31. Rxf8+ Rxf8 32. Ne5+ Ke8 33. Rxg7 Bf5 34. e4 dxe4 35. Nxc6 Rh8 36. fxe4 Bxe4 37. Re7+ Kf8 38. Rxe4 Nxe4 39. Ne5 Rxh4 40. Ng6+ 1-0

[Event "Salerno op"]
[Site "Salerno "]
[Date "2012.01.27"]
[Round "1"]
[White "Franzese, Luigi"]
[Black "Martorelli, Antonio"]
[Result "0-1"]
[WhiteElo "1877"]
[BlackElo "2230"]
[PlyCount "94"]
[EventDate "2012.01.27"]
[EventType "swiss"]
[EventRounds "6"]
[EventCountry "ITA"]
[SourceTitle "EXT 2014"]
[Source "ChessBase"]
[SourceDate "2013.11.20"]
[SourceVersion "1"]
[SourceVersionDate "2013.11.20"]
[SourceQuality "1"]

1. e4 c5 2. Nf3 e6 3. d4 cxd4 4. Nxd4 a6 5. Nc3 Qc7 6. a3 Nf6 7. Be3 b5 8. Be2 Bb7 9. f3 Nc6 10. Qd2 Be7 11. 0-0 0-0 12. Rad1 Rac8 13. Nxc6 Qxc6 14. e5 Ng4 15. Bd4 d6 16. exd6 Bxd6 17. Bxb5 Bxh2+ 18. Kh1 axb5 19. fxg4 Bb8 20. Rf3 Rcd8 21. Qg5 e5 22. Bg1 Rxd1 23. Nxd1 Qxc2 24. Ne3 Qg6 25. Qxg6 hxg6 26. Rf1 Rd8 27. Rd1 Rd4 28. Bf2 f6 29. Kg1 Kf7 30. Kf1 Ke6 31. Ke2 Rxd1 32. Kxd1 Ba7 33. Ke2 Bxe3 34. Bxe3 Bxg2 35. Kd3 f5 36. gxf5+ gxf5 37. Ke2 f4 38. Bb6 g5 39. Kf2 Bc6 40. Ba7 g4 41. Bb6 g3+ 42. Kg1 Bd5 43. Bc5 f3 44. Be3 Kf5 45. Bc5 Ke4 46. Bb6 Kd3 47. Bc7 Kc2 0-1

[Event "Napoli Vomero Inverno op 6th"]
[Site "Napoli"]
[Date "2011.02.18"]
[Round "6"]
[White "Franzese, Luigi"]
[Black "Avolio, Giovanni"]
[Result "0-1"]
[WhiteElo "1890"]
[BlackElo "1808"]
[PlyCount "116"]
[EventDate "2011.01.14"]
[EventType "swiss"]
[EventRounds "7"]
[EventCountry "ITA"]
[SourceTitle "EXT 2012"]
[Source "ChessBase"]
[SourceDate "2011.11.24"]
[SourceVersion "1"]
[SourceVersionDate "2011.11.24"]
[SourceQuality "1"]

1. Nf3 g6 2. d4 Bg7 3. e4 d6 4. c4 Nf6 5. Nc3 0-0 6. Be2 e5 7. dxe5 dxe5 8. 0-0 Nc6 9. Bg5 Be6 10. Nd5 h6 11. Bxf6 Bxf6 12. Qd2 Bg7 13. Rad1 Bg4 14. Ne1 Bxe2 15. Qxe2 Nd4 16. Qd3 c6 17. Nc3 Qe7 18. Nf3 Rfd8 19. Nxd4 Rxd4 20. Qe2 Rad8 21. a3 Qg5 22. Rxd4 exd4 23. f4 Qa5 24. Nd1 d3 25. Qf3 Qc5+ 26. Kh1 Qxc4 27. e5 d2 28. Ne3 Qb3 29. Nd1 Qxf3 30. Rxf3 g5 31. g3 Rd4 32. Rf2 gxf4 33. gxf4 h5 34. Kg2 Bh6 35. Kg3 Kf8 36. Rf1 Ke7 37. Rf3 Ke6 38. Rf1 Kf5 39. Ne3+ Ke4 40. Nd1 Rd3+ 41. Kg2 Rb3 42. Nc3+ Rxc3 43. bxc3 Ke3 44. f5 Ke2 45. e6 fxe6 46. fxe6 Bg5 47. Rf2+ Kd1 48. Rf1+ Kc2 49. Rf2 Kc1 50. Rf1+ d1Q 51. Rxd1+ Kxd1 52. Kf3 Kc2 53. Ke4 Kxc3 54. Ke5 Be7 55. Kf5 Kd4 56. Kg6 h4 57. Kf7 Bxa3 58. e7 Bxe7 0-1

[Event "Napoli Vomero Inverno op 6th"]
[Site "Napoli"]
[Date "2011.01.21"]
[Round "2"]
[White "Franzese, Luigi"]
[Black "Borrelli, Salvatore"]
[Result "1-0"]
[WhiteElo "1890"]
[BlackElo "1973"]
[PlyCount "47"]
[EventDate "2011.01.14"]
[EventType "swiss"]
[EventRounds "7"]
[EventCountry "ITA"]
[SourceTitle "EXT 2012"]
[Source "ChessBase"]
[SourceDate "2011.11.24"]
[SourceVersion "1"]
[SourceVersionDate "2011.11.24"]
[SourceQuality "1"]

1. Nf3 d5 2. c4 c6 3. b3 Bf5 4. g3 e6 5. Bg2 Nf6 6. Bb2 Be7 7. 0-0 0-0 8. d3 a5 9. Nc3 Na6 10. a3 Nc5 11. h3 Qb6 12. Nd2 dxc4 13. dxc4 Rfd8 14. Ra2 Nfe4 15. Ncxe4 Nxe4 16. Bxe4 Bxe4 17. Bc3 Bf5 18. Kh2 Bc5 19. Qa1 f6 20. Kg2 e5 21. b4 axb4 22. axb4 Rxa2 23. Qxa2 Bxb4 24. c5+ 1-0

[Event "Napoli Vomero Christmas 6th"]
[Site "Napoli"]
[Date "2010.12.17"]
[Round "6"]
[White "Franzese, Luigi"]
[Black "Zinnai, Graziano Matteo"]
[Result "1-0"]
[WhiteElo "1838"]
[BlackElo "1794"]
[PlyCount "155"]
[EventDate "2010.11.05"]
[EventType "swiss"]
[EventRounds "6"]
[EventCountry "ITA"]
[SourceTitle "EXT 2024"]
[Source "ChessBase"]
[SourceDate "2023.10.10"]
[SourceVersion "1"]
[SourceVersionDate "2023.10.10"]
[SourceQuality "1"]

1. Nf3 Nf6 2. c4 c6 3. g3 d5 4. b3 h6 5. Bg2 Bf5 6. Bb2 Nbd7 7. 0-0 e6 8. d3 Be7 9. Nc3 0-0 10. h3 a6 11. Qc2 b5 12. e4 dxe4 13. dxe4 Bh7 14. a3 Nc5 15. Rad1 Qc7 16. Nd4 e5 17. Nf5 Ne6 18. Nxe7+ Qxe7 19. Ne2 Nc5 20. Nc3 Qe6 21. b4 Na4 22. Nxa4 bxa4 23. c5 Qb3 24. Qxb3 axb3 25. Rfe1 Rad8 26. f3 Rfe8 27. Bf1 Nh5 28. Kf2 f6 29. Bxa6 Bg6 30. Bc4+ Bf7 31. Bxf7+ Kxf7 32. Bc1 g5 33. Rd6 Rxd6 34. cxd6 Rd8 35. Rd1 Ke6 36. Rd3 Rxd6 37. Rxb3 Kd7 38. a4 Ng7 39. Ke2 Ne6 40. Be3 Kc7 41. Rd3 Nd4+ 42. Bxd4 exd4 43. Ra3 Kb6 44. Kd3 c5 45. bxc5+ Kxc5 46. a5 Ra6 47. Ra4 Kb5 48. Rxd4 Kxa5 49. Rd5+ Kb4 50. Rf5 Rc6 51. h4 Ra6 52. hxg5 fxg5 53. Kd4 Rg6 54. g4 Ra6 55. e5 Kb5 56. Rf6 Ra3 57. Ke4 Ra4+ 58. Kf5 Kc5 59. Kg6 Kd5 60. e6 Kd6 61. Kxh6 Ra5 62. Rf5 Ra3 63. Kxg5 Kxe6 64. f4 Rh3 65. Rf6+ Ke7 66. Rh6 Rg3 67. Rh7+ Kf8 68. f5 Kg8 69. Rh4 Kg7 70. Kf4 Ra3 71. g5 Ra4+ 72. Kg3 Ra3+ 73. Kg4 Ra4+ 74. Kh5 Ra5 75. Rf4 Rb5 76. f6+ Kf7 77. Kh6 Rb3 78. g6+ 1-0

[Event "Napoli Vomero Christmas 6th"]
[Site "Napoli"]
[Date "2010.11.19"]
[Round "3"]
[White "Esposito, Rosario"]
[Black "Franzese, Luigi"]
[Result "0-1"]
[WhiteElo "1822"]
[BlackElo "1838"]
[PlyCount "90"]
[EventDate "2010.11.05"]
[EventType "swiss"]
[EventRounds "6"]
[EventCountry "ITA"]
[SourceTitle "EXT 2024"]
[Source "ChessBase"]
[SourceDate "2023.10.10"]
[SourceVersion "1"]
[SourceVersionDate "2023.10.10"]
[SourceQuality "1"]

1. d4 d5 2. c4 c6 3. Nf3 Nf6 4. Nc3 Bf5 5. cxd5 cxd5 6. Qb3 Bc8 7. e3 a6 8. Bd3 e6 9. 0-0 Nc6 10. e4 dxe4 11. Nxe4 Be7 12. Be3 0-0 13. Rfd1 Nb4 14. Nxf6+ gxf6 15. Bc4 Kh8 16. d5 b5 17. dxe6 bxc4 18. Qxc4 Bxe6 19. Qh4 Nd5 20. Bd4 Rg8 21. Ng5 Rg7 22. Nxe6 fxe6 23. Rac1 Qg8 24. Qe4 Rg4 25. Qf3 Nf4 26. g3 e5 27. Be3 e4 28. Qxf4 Rxf4 29. Bxf4 Rd8 30. Re1 Qd5 31. Rc7 Bd6 32. Bxd6 Qxd6 33. Rec1 Qd2 34. R7c2 Qa5 35. a3 Qg5 36. Rc5 f5 37. h4 Qg4 38. Kh2 Qf3 39. R1c2 f4 40. Kh3 fxg3 41. R5c3 Qh1+ 42. Kxg3 Rg8+ 43. Kf4 Qxh4+ 44. Ke3 Rf8 45. Rc8 Qh3+ 0-1

[Event "Napoli Vomero Septembre 7th"]
[Site "Napoli"]
[Date "2010.10.15"]
[Round "6"]
[White "Franzese, Luigi"]
[Black "Ficco, Corrado"]
[Result "0-1"]
[WhiteElo "1808"]
[BlackElo "2117"]
[PlyCount "64"]
[EventDate "2010.09.10"]
[EventType "swiss"]
[EventRounds "7"]
[EventCountry "ITA"]
[SourceTitle "EXT 2024"]
[Source "ChessBase"]
[SourceDate "2023.10.10"]
[SourceVersion "1"]
[SourceVersionDate "2023.10.10"]
[SourceQuality "1"]

1. e4 c5 2. Nf3 e6 3. d4 cxd4 4. Nxd4 Nf6 5. Nc3 Nc6 6. Be3 Bb4 7. f3 d5 8. Bb5 Bd7 9. 0-0 0-0 10. exd5 exd5 11. Nce2 Re8 12. Bf2 Ne5 13. c3 Bc5 14. Qa4 Nd3 15. Bxd7 Nxd7 16. Qc2 Nxf2 17. Rxf2 Rc8 18. Rff1 Qe7 19. Kh1 Nb6 20. b3 Qe3 21. Rac1 g6 22. Qb2 Nd7 23. Ng3 Nf6 24. Nge2 a6 25. Qa1 Nh5 26. Qb2 Qh6 27. Rfe1 Re7 28. c4 Rce8 29. Qa1 Bb4 30. cxd5 Bxe1 31. Rxe1 Ng3+ 32. Kg1 Qe3# 0-1

[Event "Napoli Vomero Septembre 7th"]
[Site "Napoli"]
[Date "2010.10.01"]
[Round "3"]
[White "Franzese, Luigi"]
[Black "Solombrino, Giovanni"]
[Result "1-0"]
[WhiteElo "1808"]
[BlackElo "1848"]
[PlyCount "63"]
[EventDate "2010.09.10"]
[EventType "swiss"]
[EventRounds "7"]
[EventCountry "ITA"]
[SourceTitle "EXT 2024"]
[Source "ChessBase"]
[SourceDate "2023.10.10"]
[SourceVersion "1"]
[SourceVersionDate "2023.10.10"]
[SourceQuality "1"]

1. e4 c5 2. Nf3 Nc6 3. d4 cxd4 4. Nxd4 g6 5. Be3 Bg7 6. Nc3 Nf6 7. f3 0-0 8. Qd2 d5 9. 0-0-0 dxe4 10. Nxc6 Qxd2+ 11. Rxd2 bxc6 12. Nxe4 Nd5 13. Bd4 Bh6 14. Bc4 Bxd2+ 15. Nxd2 Rd8 16. Bb3 Nf4 17. Bc5 e6 18. Ne4 Kg7 19. g3 Ne2+ 20. Kb1 Ba6 21. Be7 Re8 22. Bf6+ Kg8 23. Nc5 Bc8 24. Re1 Nxg3 25. hxg3 h6 26. Rh1 Kh7 27. g4 a5 28. Ba4 Ra7 29. Bxc6 Rg8 30. Ne4 h5 31. gxh5 gxh5 32. Bd4 1-0